| 000 | 01139nam a22003737a 4500 | ||
|---|---|---|---|
| 001 | 0010724 | ||
| 003 | KOHA_MİRAKIL | ||
| 005 | 20260207001754.0 | ||
| 007 | ta | ||
| 008 | 091120b2007 tu |||gr||||#||||1|tur | | ||
| 020 | _a9789753388399 | ||
| 020 | _c20,8 | ||
| 040 |
_aTR-BiSEU _btur _cTR-BiSEU _erda |
||
| 041 | 0 | _atur | |
| 044 | _ctu | ||
| 050 |
_aPL24 _b.S48 2007 |
||
| 100 | 1 | _aSev, Gülsel. | |
| 245 | 1 |
_aTarihî Türk Lehçelerinde Hâl Ekleri/ _cGülsel Sev ; Gülsel Sev. |
|
| 264 | 1 |
_aAnkara : _bAkçağ Yayınları _c2007 |
|
| 300 | _a614 sayfa | ||
| 336 |
_ametin _btxt _2rdacontent |
||
| 337 |
_aaracısız _bn _2rdamedia |
||
| 338 |
_acilt _bnc _2rdacarrier |
||
| 490 | 1 |
_aAkçağ yayınları ; _v850. |
|
| 490 | 1 |
_aAkçağ yayınları ; _v850. |
|
| 490 | 1 |
_aTürk Dili ve Dilbilimi ; _v34. |
|
| 500 | _aKaynakça var. | ||
| 650 | 0 |
_aTurkish language--Grammar. _91903 |
|
| 650 | 0 |
_aTurkic languages--Suffixes and prefixes. _926240 |
|
| 830 | 1 |
_aAkçağ yayınları ; _v850. _97970 |
|
| 830 | 1 |
_aAkçağ yayınları ; _v850. _97970 |
|
| 830 | 1 |
_aTürk Dili ve Dilbilimi ; _v34. _926241 |
|
| 942 |
_2lcc _cBK |
||
| 999 |
_c10694 _d10694 |
||